书目信息 |
| 题名: |
心脏危重症处理原则和案例分析
|
|
| 作者: | 刘文娴 , 吕树铮 主编 | |
| 分册: | 第2辑 | |
| 出版信息: | 北京 北京大学医学出版社 2015 |
|
| 页数: | 471页 | |
| 开本: | 26cm | |
| 丛书名: | ||
| 单 册: | ||
| 中图分类: | R541.059.7 | |
| 科图分类: | ||
| 主题词: | 心脏病--险症--诊疗 | |
| 电子资源: | ||
| ISBN: | 978-7-5659-1118-7 | |
| 000 | 01193nam0 2200253 450 | |
| 001 | 0103708439 | |
| 005 | 20160328093957.0 | |
| 010 | @a978-7-5659-1118-7@dCNY89.00 | |
| 100 | @a20151218d2015 em y0chiy0120 ea | |
| 101 | 0 | @achi |
| 102 | @aCN@b110000 | |
| 105 | @aa z 000yy | |
| 106 | @ar | |
| 200 | 1 | @a心脏危重症处理原则和案例分析@9Xin Zang Wei Zhong;Chong Zheng Chu Li Yuan Ze He;Huo;Hu An Li Fen Xi @f刘文娴,吕树铮主编@h第2辑@b专著 |
| 210 | @a北京@c北京大学医学出版社@d2015 | |
| 215 | @a471页@c图@d26cm | |
| 300 | @a“十二五”国家重点图书 | |
| 330 | @a本书共分为16章,共计78个病例。内容涵盖急性心肌梗死的多种临床情况处理、介入相关并发症处理、心律失常、心功能不全、心肌炎及心肌病、妊娠合并多种类型心脏疾病、结缔组织病累及心脏、少见病累及心脏、主动脉及肺血管疾病、高血压急症处理、非心脏手术的围术期处理等多种复杂临床情况,以临床病例为基础,结合国内外最新指南及专家共识,以提出问题及讨论的方式为主要线索,使读者更能有身临其境之感,引发更多思考。 | |
| 606 | 0 | @a心脏病@x险症@x诊疗 |
| 690 | @aR541.059.7@v5 | |
| 701 | 0 | @a刘文娴@9liu wen xian@c(女)@4主编 |
| 701 | 0 | @a吕树铮@f(1952~)@9lv shu zheng@4主编 |
| 801 | 0 | @aCN@bAZmarc@c20230902 |
| 905 | @aBZT@dR541@e37:2@f3@sR541/37:2 | |
| 心脏危重症处理原则和案例分析/刘文娴,吕树铮主编.第2辑.-北京:北京大学医学出版社,2015 |
| 471页:图;26cm |
| “十二五”国家重点图书 |
| ISBN 978-7-5659-1118-7:CNY89.00 |
| 本书共分为16章,共计78个病例。内容涵盖急性心肌梗死的多种临床情况处理、介入相关并发症处理、心律失常、心功能不全、心肌炎及心肌病、妊娠合并多种类型心脏疾病、结缔组织病累及心脏、少见病累及心脏、主动脉及肺血管疾病、高血压急症处理、非心脏手术的围术期处理等多种复杂临床情况,以临床病例为基础,结合国内外最新指南及专家共识,以提出问题及讨论的方式为主要线索,使读者更能有身临其境之感,引发更多思考。 |
| ● |
| 相关链接 |
|
|
|
正题名:心脏危重症处理原则和案例分析
索取号:R541/37:2
 
预约/预借
| 序号 | 登录号 | 条形码 | 馆藏地/架位号 | 状态 | 备注 |
| 1 | 2000008254 | 2000008254 | 旧书回溯/ [索取号:R541/37:2] | 在馆 | |
| 2 | 2000008255 | 2000008255 | 旧书回溯/ [索取号:R541/37:2] | 在馆 | |
| 3 | 2000008256 | 2000008256 | 旧书回溯/ [索取号:R541/37:2] | 在馆 |